[Event "ch-NED 2015"]
[Site "Amsterdam NED"]
[Date "2015.07.07"]
[Round "3.2"]
[White "Bok, Benjamin"]
[Black "Van Kampen, Robin"]
[Result "1/2-1/2"]
[WhiteTitle "GM"]
[BlackTitle "GM"]
[WhiteElo "2562"]
[BlackElo "2609"]
[WhiteFideId "1017063"]
[BlackFideId "1020854"]
[EventDate "2015.07.05"]

1. e4 e6 2. d4 d5 3. Nc3 Bb4 4. exd5 exd5 5. Bd3 Nf6 6. Ne2 c6 7. O-O O-O 8. h3
Re8 9. Ng3 Nbd7 10. Qf3 Nf8 11. Nce2 Ng6 12. c3 Bd6 13. Bg5 Be7 14. Nf4 Nxf4 15.
Bxf4 g6 16. Rae1 Be6 17. Re2 Nd7 18. Rfe1 Nf8 19. Bh6 Bd6 20. Bf4 Be7 21. Re3
Qb6 22. Bh6 Qc7 23. Ne2 Qd8 24. Nf4 Bg5 25. Bxg5 Qxg5 26. Re5 Qh4 27. g3 1/2-1/2